ADVANCED ENGINEERING MATHEMATICS 6TH ED (Record no. 52497)

MARC details
000 -LEADER
fixed length control field 00455pam a2200169 a 4500
020 ## - INTERNATIONAL STANDARD BOOK NUMBER
Terms of availability PAPER BACK
041 ## - LANGUAGE CODE
Language code of original
082 ## - DEWEY DECIMAL CLASSIFICATION NUMBER
Classification number 515
Item number WYL/BAR
100 ## - MAIN ENTRY--PERSONAL NAME
Personal name WYLIE C. R. AND BARRERTT L.C.
245 ## - TITLE STATEMENT
Title ADVANCED ENGINEERING MATHEMATICS 6TH ED
Medium Textual Documents
250 ## - EDITION STATEMENT
Edition statement 01-01-2004
260 ## - PUBLICATION, DISTRIBUTION, ETC.
Name of publisher, distributor, etc. TATA MC GRAW HILL PUBLISHING CO. LTD., NEW DELHI
300 ## - PHYSICAL DESCRIPTION
Extent XXII/1342
Dimensions 25X20
500 ## - GENERAL NOTE
General note 9733
653 ## - INDEX TERM--UNCONTROLLED
Uncontrolled term ENGG. MATHS-III (S.E.)
930 ## - EQUIVALENCE OR CROSS-REFERENCE-UNIFORM TITLE HEADING [LOCAL, CANADA]
Uniform title 9272
Holdings
Withdrawn status Lost status Damaged status Not for loan Collection Home library Current library Shelving location Date acquired Source of acquisition Cost, normal purchase price Total Checkouts Full call number Barcode Date last seen Copy number Price effective from Koha item type
        EWP College of Engineering for Women, Pune College of Engineering for Women, Pune G-ROW-24:CUP-103 08/12/2005 VAIBHAV BOOK CENTRE 475.00   515 WYL/BAR EWP-9219 24/02/2023 1 24/02/2023 Book